| 000 | 00441nab a2200145Ia 4500 | ||
|---|---|---|---|
| 003 | ES-SlBCS | ||
| 005 | 20210601125219.0 | ||
| 008 | 140529s1975 xxu||||| |||| 00| 0 eng d | ||
| 041 | _aeng | ||
| 100 | 1 |
_aMyers, David B. _9135522 |
|
| 245 | 0 | 0 |
_aEthics and Political Economy in Marx _c David B. Myers |
| 600 | 1 |
_aMarx, Karl-Ética _9155440 |
|
| 773 | 0 |
_tPhilosophical Forum (The) _gvol. 7, nº. 3-4, 1975, págs. 246-259 _wRev833 |
|
| 942 | _cAR | ||
| 999 |
_c526612 _d526612 |
||